WWE Champions by Year - 2006 - Statistics

General Stats
  • This quiz has been taken 331 times
  • The average score is 33 of 40
Answer Stats
Title Date Event Wrestler % Correct
WWE Championship January 29 Royal Rumble John Cena
99%
WWE Championship September 17 Unforgiven John Cena
99%
WWE Championship January 8 New Year's Revolution Edge
97%
WWE Championship July 3 Raw Edge
97%
World Tag Team November 13 Raw Edge
97%
United States January 13 Smackdown Booker T
96%
World Heavyweight April 2 WrestleMania 22 Rey Mysterio
96%
World Heavyweight November 26 Survivor Series Batista
95%
World Tag Team November 13 Raw Randy Orton
95%
WWE Championship June 11 ECW One Night Stand Rob Van Dam
93%
ECW World June 13 ECW Rob Van Dam
93%
Intercontinental April 30 Backlash Rob Van Dam
93%
World Heavyweight January 13 Smackdown Kurt Angle
91%
ECW World July 4 ECW The Big Show
91%
Women's September 17 Unforgiven Trish Stratus
90%
ECW World December 3 December to Dismember Bobby Lashley
89%
United States May 26 Smackdown Bobby Lashley
89%
Intercontinental October 2 Raw Jeff Hardy
88%
Intercontinental November 13 Raw Jeff Hardy
88%
United States February 19 No Way Out Chris Benoit
87%
United States October 13 Smackdown Chris Benoit
87%
Women's August 14 Raw Lita
87%
Women's November 5 Cyber Sunday Lita
87%
Women's April 2 WrestleMania 22 Mickie James
86%
Women's November 26 Survivor Series Mickie James
86%
United States April 2 WrestleMania 22 John Bradshaw Layfield
81%
World Heavyweight July 23 The Great American Bash King Booker
81%
Intercontinental February 20 Raw Shelton Benjamin
78%
Intercontinental May 15 Raw Shelton Benjamin
78%
Intercontinental June 25 Vengeance Johnny Nitro
72%
Intercontinental November 6 Raw Johnny Nitro
72%
World Tag Team November 5 Cyber Sunday Ric Flair
71%
United States July 14 Smackdown Finlay
64%
WWE Tag Team May 21 Judgment Day Brian Kendrick
62%
WWE Tag Team May 21 Judgment Day Paul London
61%
World Tag Team November 5 Cyber Sunday Roddy Piper
58%
Cruiserweight January 29 Royal Rumble Gregory Helms
57%
United States September 1 Smackdown Mr. Kennedy
55%
World Tag Team April 3 Raw Kenny
53%
World Tag Team April 3 Raw Mikey
53%
No matching quizzes found
Score Distribution
Percent of People with Each Score
Percentile by Number Answered
Your Score History
You have not taken this quiz